00833nam a2200229 a 450000100100000000500170001000800410002702000200006802000170008804000250010510000270013024500950015724600430025226000390029530000360033450000210037050000210039170000360041270000330044895201050048199900170058600004308120201002040625.0140218s2005 xxuaf 001 0 spa d a139780756613716 a10075661371X aDO-SdBNPbspacBNPHU1 aWalker, Richard97060510aBody. /cRichard Walker; picture research Julia Harris-Vos; picture library Rose Horridge.11aBodyban amazing tour of human anatomy aNew York, :bDK publishing,c2005. a96 p. :bil., lam. CD ;c32 cm. aIncluye índice aIncluye glosario1 aHarris-Vos, Juliaeimag.9706061 aHorridge, Roseeimag.970607 001050718MOaGRbGRcCTd2014-02-18iLF1l0o p43081-10r2020-06-25w2020-06-25y1ZNo se presta c42570d42570